[Event "Bayern-chI Bank Hofmann 6th"]
[Site "Bad Wiessee"]
[Date "2002.10.26"]
[Round "1"]
[White "Szabo, Zsolt Jozsef"]
[Black "Muehleder, Alois"]
[Result "1-0"]
[WhiteElo "2453"]
[BlackElo "2020"]
[PlyCount "93"]
[EventDate "2002.10.26"]
[EventType "swiss"]
[EventRounds "9"]
[EventCountry "GER"]
[SourceTitle "EXT 2003"]
[Source "ChessBase"]
[SourceDate "2002.11.25"]
[SourceVersion "1"]
[SourceVersionDate "2002.11.25"]
[SourceQuality "1"]

1. e4 Nc6 2. Nf3 e5 3. Bb5 Bc5 4. 0-0 Nge7 5. c3 a6 6. Ba4 b5 7. Bb3 d6 8. Ng5 d5 9. exd5 Nxd5 10. Nxf7 Kxf7 11. d4 Be6 12. dxc5 Rf8 13. Nd2 Na5 14. Bc2 Nf4 15. Nf3 Qf6 16. Qe1 Nc6 17. Be4 Bc4 18. Bxc6 Bxf1 19. Kxf1 Rae8 20. Bxe8+ Rxe8 21. Bxf4 exf4 22. Qd2 Rd8 23. Qc2 Kg8 24. Re1 g6 25. h4 c6 26. Qe4 Rd5 27. Qe6+ Qxe6 28. Rxe6 Rxc5 29. Nd4 Rh5 30. Rxc6 Rxh4 31. Rxa6 g5 32. g3 Rh1+ 33. Kg2 Rb1 34. b4 Rb2 35. gxf4 gxf4 36. Nxb5 Rc2 37. a4 Kg7 38. a5 h5 39. Rd6 h4 40. Rd3 Kg6 41. a6 Ra2 42. Nc7 Kg5 43. b5 Kf5 44. b6 Ke4 45. Rd4+ Ke5 46. a7 Ra3 47. a8Q 1-0